• 首页
  • 本馆介绍
  • 公告通知
  • 最新文献
  • 馆藏检索
  • 电子资源
  • 读者导购
  • 参考咨询
  • 我的图书馆
  • 登录
  • 详细信息显示
  • 放入我的书架
  • 预约/预借图书
  • 作者相关作品
  • 分类相关作品
  • 丛书相关作品
  • 出版社相关作品

书目信息

  • 表格格式
  • 工作单格式
  • 卡片格式
题名:
IT基础架构系统运维实践
    
 
作者: 赵旻 著
分册:  
出版信息: 北京   机械工业出版社  2020.09
页数: 16, 427页
开本: 24cm
丛书名:
单 册:
中图分类: TP303
科图分类:
主题词: 计算机系统--ji suan ji xi tong--研究
电子资源:
ISBN: 978-7-111-59778-0
000 01417nam0 2200241 450
001 0109110155
005 20201109110337.0
010    @a978-7-111-59778-0@dCNY99.00
100    @a20181129d2020 em y0chiy50 ea
101 0  @achi
102    @aCN@b110000
105    @ay z 000yy
106    @ar
200 1  @aIT基础架构系统运维实践@AIT ji chu jia gou xi tong yun wei shi jian@f赵旻著
210    @a北京@c机械工业出版社@d2020.09
215    @a16, 427页@d24cm
300    @a华章IT
330    @a本书站在IT基础架构视角,分析数据中心选型与规划、管理流程设计与实施、基础服务构建、系统运维实用经验、职业发展探讨等,大致可划分为六部分,16章。第1章,谈谈笔者心中的IT基础架构标准、写作初衷和本书特点等。数据中心篇(第2-5章)综合介绍数据中心、网络、系统等多个技术领域的主题。笔者曾亲手规划、建设多个同城数据中心,经验丰富,难有雷同之作。管理流程篇(第6章),管理流程是基础架构中重要的核心组件,剖析CMDB、Workflow的设计原则与注意事项,简洁而不简单。基础服务篇(第7-11章),基于多机房和海量节点,分享如何去构建DNS、NTP、文件共享、配置管理等一整套服务的方法,事半功倍。系统运维篇(第12-15章),与日常运维管理的工作相关,诸如硬件故障处理与维修、安全、性能校准、Shell编程等,临危不乱。第16章,聊聊系统运维工程师应该具备的素养,如何提升自己。
606 0  @a计算机系统@Aji suan ji xi tong@x研究
690    @aTP303@v5
701  0 @a赵旻@Azhao min@4著@c(计算机技术)
801  0 @aCN@bBJSZM@c20201103
905    @b1240081-3@dTP303@e1145@f3
    
    IT基础架构系统运维实践/赵旻著.-北京:机械工业出版社,2020.09
    16, 427页;24cm
    华章IT
    
    ISBN 978-7-111-59778-0:CNY99.00
    本书站在IT基础架构视角,分析数据中心选型与规划、管理流程设计与实施、基础服务构建、系统运维实用经验、职业发展探讨等,大致可划分为六部分,16章。第1章,谈谈笔者心中的IT基础架构标准、写作初衷和本书特点等。数据中心篇(第2-5章)综合介绍数据中心、网络、系统等多个技术领域的主题。笔者曾亲手规划、建设多个同城数据中心,经验丰富,难有雷同之作。管理流程篇(第6章),管理流程是基础架构中重要的核心组件,剖析CMDB、Workflow的设计原则与注意事项,简洁而不简单。基础服务篇(第7-11章),基于多机房和海量节点,分享如何去构建DNS、NTP、文件共享、配置管理等一整套服务的方法,事半功倍。系统运维篇(第12-15章),与日常运维管理的工作相关,诸如硬件故障处理与维修、安全、性能校准、Shell编程等,临危不乱。第16章,聊聊系统运维工程师应该具备的素养,如何提升自己。
●
相关链接 在E读中查询图书 在五车中查询图书 在当当中查询图书 在豆瓣中查询图书


正题名:IT基础架构系统运维实践     索取号:TP303/1145         预约/预借

序号 登录号 条形码 馆藏地/架位号 状态 备注
1 1240081   212400819   第二样本阅览室/ [索取号:TP303/1145] 在馆    
2 1240082   212400828   第三借阅区/ [索取号:TP303/1145] 在馆    
3 1240083   212400837   第三借阅区/ [索取号:TP303/1145] 在馆    
唐山师范学院图书馆 欢迎您!
大连网信软件有限公司© 版权所有